000 00834nam a2200301 a 4500
003 AR-BaBNM
005 20251128204104.0
008 082120s2002 ||||||||||||||000 | spa||
040 _cAR-BaBNM
100 1 _aMolina, Enrique
245 0 0 _aAmantes vagabundos
_by otros poemas
260 _aBuenos Aires
_bCentro Editor de América Latina
_c1989
300 _a31 p.
_bil., lám.
490 0 _aLos grandes poetas
_vv. 49
650 4 _aPOETAS
650 4 _aPOESIA CONTEMPORANEA
650 4 _aLITERATURA ARGENTINA
650 4 _aPOESIA
650 4 _aANALISIS LITERARIO
650 4 _aCRITICA LITERARIA
650 4 _aBIOGRAFIAS
655 _aLITERATURA
700 1 _aCobo Borda, Juan Gustavo
_ecompilador
700 1 _aMayorga, Marcelo
_eilustrador
800 1 _aLafforgue, Jorge
_edirector
942 _cBK
998 _cEthel
999 _c6124
_d6124